[Event "Challenge"]
[Site "http://www.queenalice.com/game.php?id=1581231"]
[Date "2019.8.24"]
[Round "-"]
[White "Rodrigosm"]
[Black "nereu"]
[Result "0-1"]
[WhiteElo "1525"]
[BlackElo "1678"]

1. c3 e5 2. Nf3 Nc6 3. d4 exd4 4. cxd4 d5 5. Nc3 Nf6 6. e3 Bb4 7. Bb5 Bd7 8. O-O
O-O 9. a3 Bxc3 10. bxc3 Ne4 11. Bb2 Ne7 12. Bxd7 Qxd7 13. Ne5 Qb5 0-1

[Event "AUTO-OPEN-4094"]
[Site "http://www.queenalice.com/game.php?id=1583749"]
[Date "2019.9.17"]
[Round "1"]
[White "nereu"]
[Black "luciano59"]
[Result "0-1"]
[WhiteElo "1676"]
[BlackElo "2439"]

1. d4 f5 2. c4 e6 3. Nc3 Nf6 4. e3 Bb4 5. Bd2 O-O 6. Nf3 b6 7. Be2 Bb7 8. O-O
Bxc3 9. Bxc3 Ne4 10. Qc2 d6 11. Bd3 Nxc3 12. Qxc3 Bxf3 13. gxf3 Qh4 14. Qe1 Rf6
15. Kh1 Rh6 0-1

[Event "AUTO-OPEN-4094"]
[Site "http://www.queenalice.com/game.php?id=1583750"]
[Date "2019.9.17"]
[Round "1"]
[White "luciano59"]
[Black "nereu"]
[Result "1-0"]
[WhiteElo "2432"]
[BlackElo "1678"]

1. e4 c5 2. Bc4 e6 3. Nc3 Nc6 4. Nf3 h6 5. O-O Bd6 6. d4 cxd4 7. Nxd4 Nge7 8.
Ndb5 Bc5 9. Be3 Bxe3 10. Nd6+ Kf8 11. fxe3 a6 12. Nxf7 1-0

[Event "AUTO-OPEN-4094"]
[Site "http://www.queenalice.com/game.php?id=1583751"]
[Date "2019.9.17"]
[Round "1"]
[White "nereu"]
[Black "andrelazcano"]
[Result "1-0"]
[WhiteElo "1724"]
[BlackElo "1723"]

1. d4 d5 2. Nf3 Nc6 3. Nc3 e6 4. e4 dxe4 5. Nxe4 Bb4+ 6. Bd2 Bxd2+ 7. Nexd2 Nxd4
8. Nc4 Nxf3+ 9. Qxf3 Nf6 10. Bd3 Nd5 11. Ne5 O-O 12. O-O 1-0

[Event "AUTO-OPEN-4094"]
[Site "http://www.queenalice.com/game.php?id=1583752"]
[Date "2019.9.17"]
[Round "1"]
[White "andrelazcano"]
[Black "nereu"]
[Result "1-0"]
[WhiteElo "1707"]
[BlackElo "1716"]

1. e4 c5 2. d3 e5 3. Nf3 d6 4. g3 Nf6 5. Bg5 Be7 6. Bxf6 Bxf6 7. c4 Bg4 8. Nc3
O-O 9. h3 Bxf3 10. Qxf3 Nc6 11. h4 Nd4 12. Qd1 Qd7 13. Bh3 Qd8 14. Qa4 a6 15.
O-O Bxh4 16. gxh4 Qxh4 17. Qd7 Nf3+ 18. Kg2 Qf4 19. Rh1 Nh4+ 20. Kf1 Nf3 21.
Qxd6 Rad8 22. Qxc5 Rxd3 23. Rd1 Rfd8 24. Rxd3 Nd4 25. Nd5 Qf3 26. Rxf3 1-0

[Event "AUTO-OPEN-4094"]
[Site "http://www.queenalice.com/game.php?id=1583753"]
[Date "2019.9.17"]
[Round "1"]
[White "nereu"]
[Black "mvson33"]
[Result "1-0"]
[WhiteElo "1764"]
[BlackElo "1774"]

1. d4 Nf6 2. c4 d5 3. e3 g6 4. Nf3 dxc4 5. Bxc4 Bg7 6. Nc3 O-O 7. Bd2 Nc6 8. O-O
Bg4 9. h3 Bd7 10. e4 Na5 11. Bd3 Rc8 12. Nb5 Nc6 13. Nc3 e6 14. e5 Ne8 15. Qc1
Nb8 16. Bh6 c5 17. dxc5 Nc6 18. Ne4 Nc7 19. Bc4 Nb4 20. Nf6+ Kh8 21. Bg5 Nbd5
22. Nxd7 Qxd7 23. Rd1 Qc6 24. Bxd5 Nxd5 25. Bh6 Qxc5 26. Qg5 Rfd8 27. Rac1 Qb6
28. b3 Rxc1 29. Rxc1 Kg8 30. Nd2 Nb4 31. Nc4 Qa6 32. a4 Nd3 33. Rc3 Rd5 34. Ne3
Rd7 35. Rc8+ 1-0

[Event "AUTO-OPEN-4094"]
[Site "http://www.queenalice.com/game.php?id=1583754"]
[Date "2019.9.17"]
[Round "1"]
[White "mvson33"]
[Black "nereu"]
[Result "0-1"]
[WhiteElo "1805"]
[BlackElo "1738"]

1. e4 c5 2. Nf3 Nc6 3. Bc4 e5 4. O-O Nf6 5. Nc3 d6 6. a3 Be7 7. d3 O-O 8. Bg5 h6
9. Bh4 Bg4 10. Qd2 Qd7 11. Ne1 Nd4 12. f3 Bh5 13. Nd5 Nxd5 14. Bxe7 Nxe7 15. f4
Kh8 16. fxe5 dxe5 17. Qe3 f5 18. exf5 Nexf5 19. Qd2 Ne2+ 20. Kh1 Qd4 21. Nf3
Bxf3 22. Rxf3 Qxb2 23. Rff1 Ned4 24. g3 Nxg3+ 25. hxg3 Rxf1+ 26. Rxf1 Qxa3 27.
Rf7 Qb2 28. Bd5 Nxc2 29. Qf2 Qc1+ 30. Kh2 Ne3 31. Bxb7 Ng4+ 0-1

[Event "Gregory Doyle"]
[Site "http://www.queenalice.com/game.php?id=1585875"]
[Date "2019.10.8"]
[Round "-"]
[White "zubarev"]
[Black "nereu"]
[Result "1-0"]
[WhiteElo "1766"]
[BlackElo "1739"]

1. d4 Nf6 2. Nc3 e6 3. e4 d5 4. e5 Nfd7 5. Nf3 f5 6. Bd3 c5 7. Be2 c4 8. O-O Bb4
9. Bd2 Nc6 10. Ng5 Nb6 11. f4 Qe7 12. Rf3 h6 13. Nh3 Bd7 14. Nb5 Bc8 15. Bxb4
Qxb4 16. Nc7+ Ke7 17. Nxa8 Nxa8 18. Rb1 Qb6 19. c3 Rg8 20. b3 cxb3 21. axb3 Qd8
22. c4 b6 23. Rc3 Bd7 24. cxd5 Nb4 25. d6+ Kf8 26. Qd2 Nd5 27. Rc2 Kf7 28. Bc4
Bc6 29. Ba6 Bd7 30. Bb7 b5 31. Bxd5 Nb6 32. Bf3 a6 33. Bc6 Bc8 34. Qe3 Kg6 35.
Qf3 Kh7 36. Nf2 Kh8 37. Bb7 a5 38. Bxc8 Nxc8 39. Rc7 g5 40. Qb7 b4 41. Rh7# 1-0

[Event " Ale Canofre"]
[Site "http://www.queenalice.com/game.php?id=1585929"]
[Date "2019.10.8"]
[Round "-"]
[White "nereu"]
[Black "zubarev"]
[Result "0-1"]
[WhiteElo "1780"]
[BlackElo "1793"]

1. d4 d5 2. c4 Nf6 3. cxd5 Nxd5 4. e4 Nf6 5. Be3 e6 6. Bg5 Be7 7. Bxf6 Bxf6 8.
e5 Be7 9. Nf3 O-O 10. Bd3 Nd7 11. O-O f6 12. Re1 fxe5 13. dxe5 Nb6 14. Qc2 g6
15. Nbd2 Nd5 16. Re4 Nb4 17. Rd4 Qxd4 18. Nxd4 Nxc2 19. Nxc2 Rd8 20. Ne1 Bd7 21.
Ndf3 Bc6 22. g3 Bxf3 23. Bxg6 hxg6 24. Nxf3 g5 25. Rc1 Rac8 26. Kg2 g4 27. Ng1
Rd2 28. Rb1 Bc5 29. Rf1 Rxb2 30. Ra1 Rxf2+ 0-1

[Event "AUTO-ADV-4245"]
[Site "http://www.queenalice.com/game.php?id=1586200"]
[Date "2019.10.9"]
[Round "1"]
[White "Daniel1962"]
[Black "nereu"]
[Result "0-1"]
[WhiteElo "1898"]
[BlackElo "1700"]

1. e4 e5 2. Nf3 Nc6 3. Bc4 Bc5 4. d4 Bd6 5. Ng5 Qe7 6. Bxf7+ Kd8 7. dxe5 Bxe5 8.
Be6 Nd4 9. Nf7+ Ke8 10. Nxh8 Qxe6 11. Na3 g6 12. Be3 Bxh8 13. Bxd4 Qxe4+ 14. Be3
Qxg2 15. Ke2 Bxb2 16. Rb1 Be5 17. h4 d6 18. Rb5 Bg4+ 19. Kd2 Bxd1 20. Rxd1 Nf6
21. Nc4 b6 22. Nxe5 dxe5 23. Rxe5+ Kf7 24. Kc1 Qc6 25. Re1 Qc3 26. Bh6 Kg8 27.
Re7 Rd8 28. Kb1 Qb4+ 29. Ka1 Qd4+ 30. Kb1 Nd5 31. R7e5 Nc3+ 32. Kc1 Nxa2+ 33.
Kb1 Nb4 34. R5e4 Qc3 35. R4e2 Qa3 36. Re8+ Rxe8 37. Rxe8+ Kf7 38. Re2 Qa2+ 39.
Kc1 Qa1+ 40. Kd2 Qd4+ 41. Ke1 a5 42. Be3 Qc3+ 43. Bd2 Nxc2+ 44. Kf1 Qh3+ 45. Kg1
a4 46. Bc1 Nd4 47. Re4 Nf3# 0-1

[Event "AUTO-ADV-4245"]
[Site "http://www.queenalice.com/game.php?id=1586201"]
[Date "2019.10.9"]
[Round "1"]
[White "nereu"]
[Black "Daniel1962"]
[Result "1-0"]
[WhiteElo "1724"]
[BlackElo "1863"]

1. d4 d5 2. b3 Nc6 3. Bb2 Bf5 4. e3 Nb4 5. Bd3 Nxd3+ 6. cxd3 e6 7. Nf3 Nf6 8.
Nbd2 Bxd3 9. Ne5 Be4 10. O-O Qe7 11. Qe2 O-O-O 12. Rfc1 g6 13. Rc2 h5 14. Rc3
Ng4 15. Nxg4 hxg4 16. Qxg4 Bf5 17. Qe2 Qh4 18. Nf3 Qh5 19. h3 Bg4 20. Kf1 Bxh3
21. gxh3 Qxh3+ 22. Ke1 Bb4 23. Rc1 Bxc3+ 24. Bxc3 Qf5 25. Ba5 b6 26. Qa6+ Kd7
27. Ne5+ Ke8 28. Qb5+ Kf8 29. Bb4+ Kg7 30. Ke2 Rh2 31. Rf1 Rh3 32. Be7 Rc8 33.
Qb4 Qc2+ 34. Ke1 a5 35. Qb5 f6 36. Qd7 Rhh8 37. Bd6+ Kh6 38. Nf7+ Kh5 39. Nxh8
cxd6 40. Qh7+ Kg4 41. Rg1+ Kf3 42. Rg3+ Ke4 43. Qxg6+ f5 44. Qxe6+ Kd3 45. Qxf5+
Kc3 46. Qxc8+ Kd3 47. e4+ 1-0

[Event "AUTO-ADV-4245"]
[Site "http://www.queenalice.com/game.php?id=1586218"]
[Date "2019.10.9"]
[Round "1"]
[White "nereu"]
[Black "pedone"]
[Result "0-1"]
[WhiteElo "1728"]
[BlackElo "1930"]

1. d4 d5 2. e3 e6 3. Bd3 Nf6 4. Nf3 c6 5. b3 Qc7 6. O-O Nbd7 7. Bb2 a6 8. Nbd2
c5 9. c4 b6 10. h3 Bb7 11. Ng5 h6 12. Ngf3 Be7 13. cxd5 Nxd5 14. a3 N7f6 15. Qc2
b5 16. Ne5 Rc8 17. dxc5 Bxc5 18. Qd1 Be7 19. Rc1 Qb8 20. Qe2 O-O 21. Ndf3 Rc5
22. b4 Rc7 23. Rxc7 Nxc7 24. Bc1 Be4 25. Bxe4 Nxe4 26. Nd7 Qc8 27. Nxf8 Kxf8 28.
Rd1 Nc3 29. Qe1 Nxd1 30. Qxd1 Nd5 31. Bb2 Qc7 32. Qd4 Bf6 33. Qd2 Bxb2 34. Qxb2
f6 35. Nh4 g5 36. Nf3 Nc3 37. Qc2 Kg7 38. g3 Qc4 39. Kg2 Nd5 40. Qb1 e5 41. Nd4
exd4 42. exd4 Qxd4 43. Qe1 Kf7 44. Qc1 Nc3 45. Qc2 Qe4+ 46. Qxe4 Nxe4 47. Kf3 f5
48. Kg2 g4 49. hxg4 fxg4 50. f3 gxf3+ 51. Kxf3 Nd2+ 52. Kg4 Nc4 53. Kh5 Kg7 0-1

[Event "AUTO-ADV-4245"]
[Site "http://www.queenalice.com/game.php?id=1586219"]
[Date "2019.10.9"]
[Round "1"]
[White "pedone"]
[Black "nereu"]
[Result "1-0"]
[WhiteElo "1905"]
[BlackElo "1746"]

1. e4 e5 2. Nf3 Nc6 3. Bc4 Nf6 4. d3 Bc5 5. O-O O-O 6. a3 d5 7. exd5 Nxd5 8. b4
Bd4 9. Nxd4 exd4 10. Qf3 Nce7 11. Bb2 c5 12. bxc5 Nf6 13. Re1 Nf5 14. Nd2 b5 15.
Qxa8 Qc7 16. Bxb5 a6 17. Bxa6 Ng4 18. Nf3 Nh4 19. h3 Nxf3+ 20. Qxf3 Qh2+ 21. Kf1
Ne5 22. Qe4 Re8 23. Bxc8 Rxc8 24. Qxe5 Qh1+ 25. Ke2 Qxg2 26. Rg1 f6 27. Qe6+ Kf8
28. Qxc8+ 1-0

[Event "AUTO-ADV-4245"]
[Site "http://www.queenalice.com/game.php?id=1586220"]
[Date "2019.10.9"]
[Round "1"]
[White "nereu"]
[Black "MarcosT"]
[Result "0-1"]
[WhiteElo "1758"]
[BlackElo "2017"]

1. d4 d5 2. b3 Nc6 3. Bb2 g6 4. Nf3 Bg7 5. Nbd2 Qd6 6. e4 e5 7. dxe5 Nxe5 8. Bd3
Nxd3+ 9. cxd3 Bxb2 10. Rb1 Bc3 11. O-O Ne7 12. e5 Bxe5 13. Nxe5 Qxe5 14. Re1 Qf6
15. Qe2 Be6 16. Rbc1 O-O-O 17. Qe3 Kb8 18. Qc5 Rd7 19. Qa5 Qg5 20. Nf3 Qh6 21.
Ne5 b6 22. Qb5 Rd6 23. Rc2 Rhd8 24. Rec1 Rc8 25. h3 f6 26. Nf3 Nf5 27. Nd2 Nd4
28. Qa6 Ne2+ 29. Kh2 Nxc1 30. Rxc1 Qxd2 31. Rf1 Bf5 32. f3 Bxd3 33. Ra1 Bxa6 0-1

[Event "AUTO-ADV-4245"]
[Site "http://www.queenalice.com/game.php?id=1586221"]
[Date "2019.10.9"]
[Round "1"]
[White "MarcosT"]
[Black "nereu"]
[Result "1-0"]
[WhiteElo "2000"]
[BlackElo "1765"]

1. e4 c5 2. Bc4 e5 3. Nc3 Nf6 4. d3 d6 5. Bg5 Be7 6. h3 O-O 7. Nf3 Nc6 8. a3 h6
9. Bh4 b6 10. Bxf6 Bxf6 11. Qd2 Re8 12. O-O-O Bb7 13. Nd5 Na5 14. Nxf6+ Qxf6 15.
Ba2 Bc6 16. g4 Qxf3 17. g5 Bd7 18. gxh6 g6 19. Rhg1 Bxh3 20. Rxg6+ Kh7 21. Rg7+
Kh8 22. Bxf7 Be6 23. Bxe6 Rxe6 24. Rdg1 Ree8 25. Qg5 Rf8 26. Qg6 Rad8 27. Rh7#
1-0

[Event "Challenge"]
[Site "http://www.queenalice.com/game.php?id=1586241"]
[Date "2019.10.9"]
[Round "-"]
[White "MADMIKE"]
[Black "nereu"]
[Result "1-0"]
[WhiteElo "1830"]
[BlackElo "1740"]

1. d4 Nf6 2. d5 d6 3. Nc3 e5 4. e4 g6 5. h3 Bg7 6. Nf3 O-O 7. Bd3 b6 8. O-O Nh5
9. a3 Bb7 10. b4 Nd7 11. Rb1 c6 12. Bb2 Bh6 13. dxc6 Bxc6 14. b5 Bb7 15. a4 Ndf6
16. Ba3 Qd7 17. Bc4 Nf4 18. Bc1 Qe7 19. Bxf4 Bxf4 20. Bd5 Bxd5 21. Nxd5 Nxd5 22.
exd5 e4 23. Nd4 Rfc8 24. Nc6 Qf8 25. Qg4 Bd2 26. Qxe4 Re8 27. Qd4 Bh6 28. f4 Bg7
29. Qd3 Bf6 30. c4 Kh8 31. a5 Qh6 32. a6 Qg7 33. Qa3 Re4 34. Rbc1 Qf8 35. Qf3
Qe8 36. f5 Bd4+ 37. Nxd4 Rxd4 38. fxg6 fxg6 39. Qf6+ Kg8 40. Qxd4 Qd7 41. Rf6
Re8 42. Rcf1 Re5 43. Rf8+ Kg7 44. R8f7+ 1-0

[Event "Challenge"]
[Site "http://www.queenalice.com/game.php?id=1586242"]
[Date "2019.10.9"]
[Round "-"]
[White "nereu"]
[Black "MADMIKE"]
[Result "0-1"]
[WhiteElo "1752"]
[BlackElo "1817"]

1. d4 d5 2. c4 e6 3. e3 Nf6 4. Nf3 Nc6 5. Be2 Be7 6. O-O O-O 7. b3 dxc4 8. Bxc4
a6 9. Nc3 h6 10. Bb2 b5 11. Bd3 Rb8 12. Ne4 Bb7 13. Ne5 Nxe5 14. dxe5 Nxe4 15.
Bxe4 Bxe4 16. Qg4 Bd5 17. Rad1 f6 18. e4 f5 19. exf5 Rxf5 20. Bc1 Bg5 21. f4 Be7
22. Rd3 c5 23. Rg3 Qf8 24. Be3 c4 25. b4 Bxb4 26. Rb1 Ba5 27. Bc5 Qf7 28. Rh3
Kh7 29. Bf2 c3 30. Rc1 b4 31. Be1 Bb6+ 32. Kh1 Bxa2 33. Rc2 Bd5 34. Rg3 a5 35.
Rh3 Rxf4 36. Qg5 Rf1# 0-1

[Event "AUTO-OPEN-4101"]
[Site "http://www.queenalice.com/game.php?id=1586309"]
[Date "2019.10.9"]
[Round "1"]
[White "Jsc"]
[Black "nereu"]
[Result "1-0"]
[WhiteElo "1860"]
[BlackElo "1777"]

1. e4 c5 2. c3 e5 3. Bc4 Nf6 4. Qf3 d6 5. Ne2 Bg4 6. Qe3 Bxe2 7. Qxe2 Be7 8. d3
O-O 9. f4 Nbd7 10. Be3 Qb6 11. O-O h6 12. Na3 a6 13. Rab1 Qc6 14. Nc2 b5 15. Bb3
c4 16. dxc4 bxc4 17. Qxc4 Qxc4 18. Bxc4 Nxe4 19. Bd5 Ra7 20. Bxa7 Nd2 21. f5
Nxb1 22. Rxb1 Re8 23. Nb4 Bg5 24. Nxa6 e4 25. h3 Nf6 26. Bc4 Re5 27. g4 e3 28.
Re1 d5 29. Bd3 Bh4 30. Rxe3 Ne4 31. Bxe4 dxe4 32. b4 Re8 33. b5 Bd8 34. b6 Bxb6
35. Bxb6 Ra8 36. Nb4 Re8 37. a4 1-0

[Event "AUTO-OPEN-4101"]
[Site "http://www.queenalice.com/game.php?id=1586310"]
[Date "2019.10.9"]
[Round "1"]
[White "nereu"]
[Black "Jsc"]
[Result "1-0"]
[WhiteElo "1757"]
[BlackElo "1851"]

1. d4 d5 2. c4 dxc4 3. d5 e6 4. e4 exd5 5. exd5 b5 6. g3 Bd6 7. Bg2 Bb7 8. Ne2
h6 9. O-O Nf6 10. Bf4 O-O 11. Nbc3 a6 12. Re1 Re8 13. Qc2 Bxf4 14. Nxf4 Rxe1+
15. Rxe1 Qd6 16. Qf5 Nbd7 17. Ne4 Nxe4 18. Rxe4 g5 19. Re6 fxe6 20. dxe6 Bxg2
21. Qg6+ Kf8 22. Qf7# 1-0

[Event "AUTO-OPEN-4101"]
[Site "http://www.queenalice.com/game.php?id=1586329"]
[Date "2019.10.9"]
[Round "1"]
[White "Capixaba789"]
[Black "nereu"]
[Result "1-0"]
[WhiteElo "1790"]
[BlackElo "1742"]

1. e4 e5 2. Nf3 d6 3. Bc4 Nf6 4. O-O Be7 5. d3 O-O 6. Be3 Bg4 7. c3 Qd7 8. Nbd2
h6 9. Re1 Nh5 10. d4 Nc6 11. d5 Na5 12. Bd3 b6 13. Nf1 Nf6 14. Ng3 Bh3 15. gxh3
Qxh3 16. b4 Ng4 17. Bf1 Nxe3 18. Bxh3 Nxd1 19. Raxd1 Nc4 20. Bd7 Bf6 21. Nf5
Rfd8 22. Bc6 g6 23. Nxh6+ Kg7 24. Bxa8 Rxa8 25. Ng4 Rh8 26. Nxf6 Kxf6 27. a4 Rh3
28. Kg2 Rh6 29. Rh1 g5 30. h3 Nb2 31. Ra1 Nc4 32. Ne1 Nd2 33. f3 Kg7 34. Nd3 Rf6
35. Ne1 Kg6 36. Ra2 Nc4 37. Nd3 Kh5 38. Rf2 Kh4 39. Ra1 Ne3+ 40. Kg1 Kxh3 41. a5
Kg3 42. axb6 axb6 43. Ra8 Nd1 44. Rg2+ Kxf3 45. Rxg5 Kxe4 46. Nc1 Nxc3 47. Rc8
Nxd5 48. b5 Rf3 49. Rg4+ Kf5 50. Rg2 e4 51. Rf2 Ne7 52. Rxc7 Ke6 53. Rxf3 exf3
54. Kf2 Nd5 55. Rc6 Kd7 56. Kxf3 f6 57. Nd3 Ke6 58. Nf4+ Ke5 59. Nxd5 Kxd5 60.
Kf4 f5 61. Kxf5 Kd4 62. Rxd6+ Kc5 63. Ke5 Kxb5 64. Rd1 Ka6 65. Kd4 b5 66. Rb1
Ka5 67. Kc5 Ka4 68. Rxb5 Ka3 69. Kc4 Ka4 70. Rb8 Ka3 71. Rb7 Ka2 72. Kc3 Ka3 73.
Ra7# 1-0

[Event "AUTO-OPEN-4101"]
[Site "http://www.queenalice.com/game.php?id=1586330"]
[Date "2019.10.9"]
[Round "1"]
[White "nereu"]
[Black "Capixaba789"]
[Result "0-1"]
[WhiteElo "1728"]
[BlackElo "1826"]

1. d4 d5 2. e3 e6 3. Nf3 Nf6 4. Be2 Be7 5. Nc3 Nc6 6. O-O O-O 7. b3 Bd6 8. Bb2
Ne4 9. Bd3 f5 10. Ne2 Qf6 11. Bxe4 fxe4 12. Ne1 e5 13. dxe5 Bxe5 14. c3 Bg4 15.
Qxd5+ Kh8 16. f3 Qf5 17. fxe4 Qxf1# 0-1

[Event "AUTO-OPEN-4101"]
[Site "http://www.queenalice.com/game.php?id=1586339"]
[Date "2019.10.9"]
[Round "1"]
[White "sfinx"]
[Black "nereu"]
[Result "1-0"]
[WhiteElo "2105"]
[BlackElo "1700"]

1. e4 e5 2. Nc3 Nf6 3. Nf3 Nc6 4. Bb5 Bc5 5. O-O Nd4 6. Nxe5 Nxb5 7. Nxb5 Bb6 8.
Nc4 Nxe4 9. Nxb6 axb6 10. Re1 Qe7 11. Nxc7+ Kf8 12. Nxa8 Qf6 13. Rxe4 d5 14. Rb4
Qg6 15. Nxb6 Bh3 16. Qf3 Bg4 17. Qxd5 Qf6 18. Rxg4 Qxb6 19. Rf4 Qc7 20. b3 h5
21. Bb2 Kg8 22. Rc4 1-0

[Event "AUTO-OPEN-4101"]
[Site "http://www.queenalice.com/game.php?id=1586340"]
[Date "2019.10.9"]
[Round "1"]
[White "nereu"]
[Black "sfinx"]
[Result "0-1"]
[WhiteElo "1700"]
[BlackElo "2105"]

1. d4 d5 2. Nc3 Nf6 3. e3 g6 4. Nf3 Bg7 5. Bb5+ c6 6. Ba4 O-O 7. O-O a5 8. a3 b5
9. Re1 bxa4 10. Nxa4 Re8 11. Bd2 Nbd7 12. Bc3 Ne4 13. Qd3 Ba6 14. Qd1 Bb5 15.
Nc5 Nxc3 16. Qd2 Nxc5 17. Qxc3 Ne4 18. Qb3 Bc4 19. Qa4 Qb6 20. Rab1 e5 21. c3
Bb3 0-1